| 000 | 00543nam a22002057a 4500 | ||
|---|---|---|---|
| 003 | OSt | ||
| 005 | 20160518140320.0 | ||
| 008 | 160518b xxu||||| |||| 00| 0 eng d | ||
| 020 | _a0316103012 | ||
| 040 | _cDLMN. | ||
| 082 | _aQS 504 B646f 1989. | ||
| 100 |
_aBorysenko,Myrin;Beringer,Theodore; _98860 |
||
| 245 | _aFunctional Histology. | ||
| 250 | _a3rd ed. | ||
| 260 |
_aBoston, _bLittle,Brown and Company. _c1989. |
||
| 300 |
_avii,508p; _bill; _c24cm |
||
| 504 | _aincludes index. | ||
| 650 |
_aHistology. _9194 |
||
| 942 |
_2ddc _cO_SHELF |
||
| 999 |
_c4091 _d4091 |
||